000 00489nam a2200169Ia 4500
999 _c34854
_d34854
003 OSt
005 20200204161126.0
008 190216s9999||||xx |||||||||||||| ||und||
040 _coclc
_doclc
082 _a341.67
_bSHI/A
100 _aShishkov, Yoori
_91825
245 0 _aAyudha Malsarathinde Vila /
_cYoori Shishkov
260 _bRama Publications,
_c1989.
_aMadhirashi:
300 _a74p
650 _aHistory
942 _cBK
_2ddc
_h341.67
_iSHI/A
_k341.67
_mSHI/A